Vymahačka /
Šedivá dýmající Ostrava, zelené Jeseníky. Na severní Moravě je v devadesátých letech minulého století nebezpečně rušno. Když si člověk moc nedělá hlavu se zákonem, může tu snadno přijít k pořádnému bohatství. Tak se hraje ve světě Anastázie a Hanky, dvou mladých dívek, které si nesou šrámy minulosti...
Uloženo v:
| Hlavní autor: | |
|---|---|
| Médium: | E-kniha |
| Jazyk: | Czech |
| Vydáno: |
Praha :
Paseka,
2025
|
| Tagy: |
Žádné tagy |
| LEADER | 02186nam a22002297i 4500 | ||
|---|---|---|---|
| 001 | 297568 | ||
| 007 | ta | ||
| 008 | 260414s2025 xr ||||| |||| 00| 0 cze d | ||
| 020 | |a 9788076375406 | ||
| 044 | |a xr | ||
| 100 | 1 | |a Müller, Martin |4 aut | |
| 245 | 1 | 0 | |a Vymahačka / |c Müller, Martin |
| 264 | 1 | |a Praha : |b Paseka, |c 2025 | |
| 300 | |a 1 online zdroj (336 stran) | ||
| 336 | |a text |b txt |2 rdacontent | ||
| 337 | |a bez média |b n |2 rdamedia | ||
| 338 | |a online zdroj |b cr |2 rdacarrier | ||
| 520 | 2 | |a Šedivá dýmající Ostrava, zelené Jeseníky. Na severní Moravě je v devadesátých letech minulého století nebezpečně rušno. Když si člověk moc nedělá hlavu se zákonem, může tu snadno přijít k pořádnému bohatství. Tak se hraje ve světě Anastázie a Hanky, dvou mladých dívek, které si nesou šrámy minulosti a potřebují rychlé peníze. Práce vymahaček jim je pomůže sehnat, ale taky je dokáže dostat do velkého maléru. Když se na scéně objeví jejich šéf Dorian, bezohledný manipulátor bez špetky svědomí, a podivný ostravský detektiv, začne jít do tuhého. Dívky zabředají do mafiánského podsvětí, kde jsou násilí a smrt na denním pořádku. Napínavý román s prvky thrilleru uvádí čtenáře do doby proslulé svou divokostí. Inspirován životním příběhem své matky píše Müller ostrým stylem a žene nás do míst, z nichž běhá mráz po zádech. Martin Müller (1988) je vystudovaný scenárista a původní profesí novinář, aktuálně reklamní textař a kreativec. Dlouholetý člen ostravského uměleckého uskupení Bezejmenná skupina. Publikoval v časopisech Host, Psí víno nebo Texty. V roce 2022 debutoval v Pasece románem Černá rusalka. | |
| 910 | |a RBIT002 | ||
| 998 | |d 424962 |a https://core.palmknihy.cz/api/books/424962/cover?tbolr0 |b https://core.palmknihy.cz/api/books/424962/cover/400?tbolr0 |c https://core.palmknihy.cz/api/books/424962/cover/50?tbolr0 |e 2034-03-31 |g 336 |i 9788076375406 |j https://core.palmknihy.cz/api/books/424962/preview.epub |k https://core.palmknihy.cz/api/books/424962/preview.pdf |l |q 49 |r 1 |s https://www.palmknihy.cz/kniha/424962 |t ebook |y 2025 |z 1 | ||
| 999 | |d 297566 | ||